| 000 | 00820nam a2200241Ia 4500 | ||
|---|---|---|---|
| 001 | 17081 | ||
| 003 | GE_BSU | ||
| 008 | 181216s||||||||xx |||||||||||||| ||und|| | ||
| 040 | _cGE_BSU | ||
| 080 | _a82-93:821.161.1-3 | ||
| 100 | _aშახოვი, ა. | ||
| 245 | _aსაშიში ხეობა | ||
| 245 | _bმოთხრობები | ||
| 245 | _cთარგმ.მ.ჭილაშვილისა | ||
| 260 | _aთბილისი | ||
| 260 | _bსაბლიტგამი | ||
| 260 | _c1959 | ||
| 300 | _a150გვ. : ილ. ; 22სმ. | ||
| 300 | _eდანართი: ა.ს. შახოვი (1895-1956)-ვლ. არხანგელსკი, გვ. 147-48 | ||
| 653 | _aმოთხრობები | ||
| 653 | _aსაშიში ხეობა | ||
| 942 | _cBK | ||
| 999 |
_c50143 _d50143 |
||